NBA Draft- Name the Player - Statistics

General Stats
  • This quiz has been taken 32 times
  • The average score is 4 of 16
Answer Stats
Year, Position Drafted Overall Player Name % Correct
2003, 1 LeBron James
100%
2019, 2 Ja Morant
33%
2013, 15 Giannis Antetokounmpo
25%
2014, 3 Joel Embiid
25%
2014, 41 Nikola Jokic
25%
2012, 6 Damian Lillard
21%
2019, 5 Darius Garland
21%
2017, 3 Jayson Tatum
21%
2017, 13 Donovan Mitchell
17%
2011, 11 Klay Thompson
17%
2013, 27 Rudy Gobert
17%
2012, 3 Bradley Beal
13%
2007, 3 Al Horford
8%
2017, 14 Bam Adebayo
8%
2015, 4 Kristaps Porziņģis
8%
2019, 28 Jordan Poole
4%
No matching quizzes found
Score Distribution
Percent of People with Each Score
Percentile by Number Answered
Your Score History
You have not taken this quiz